Prefabricated housing in the UK: a summary paper: Part 3 (Record no. 102391)
[ view plain ]
| 000 -LEADER | |
|---|---|
| fixed length control field | 00931cam a2200277 4500 |
| 008 - FIXED-LENGTH DATA ELEMENTS--GENERAL INFORMATION | |
| fixed length control field | 000000n2001 000 0 eng u |
| 020 ## - INTERNATIONAL STANDARD BOOK NUMBER | |
| International Standard Book Number | 1860814972 |
| 035 ## - SYSTEM CONTROL NUMBER | |
| System control number | (Sirsi) u119783 |
| 041 ## - LANGUAGE CODE | |
| Language code of text/sound track or separate title | eng |
| 050 ## - LIBRARY OF CONGRESS CALL NUMBER | |
| Classification number | 693.97 |
| 100 ## - MAIN ENTRY--PERSONAL NAME | |
| Personal name | Bagenholm, C. |
| 110 ## - MAIN ENTRY--CORPORATE NAME | |
| Corporate name or jurisdiction name as entry element | Building Research Establishment |
| 245 ## - TITLE STATEMENT | |
| Title | Prefabricated housing in the UK: a summary paper: Part 3 |
| 260 ## - PUBLICATION, DISTRIBUTION, ETC. | |
| Place of publication, distribution, etc. | London |
| Name of publisher, distributor, etc. | CRC Ltd |
| Date of publication, distribution, etc. | 2001 |
| 300 ## - PHYSICAL DESCRIPTION | |
| Extent | 6p. |
| Other physical details | ill. |
| Dimensions | 30cm. |
| 490 ## - SERIES STATEMENT | |
| Series statement | BRE Information Paper |
| Volume/sequential designation | 16/01 |
| 520 ## - SUMMARY, ETC. | |
| Summary, etc. | This Information Paper is in three parts: Parts 1 & 2 describe two case studies and Part 3 summarises the project. For Part 1 see: 1860814956; and for Part 2 see: 1860814964 |
| 650 ## - SUBJECT ADDED ENTRY--TOPICAL TERM | |
| Topical term or geographic name entry element | PRE-FABRICATION |
| 650 ## - SUBJECT ADDED ENTRY--TOPICAL TERM | |
| Topical term or geographic name entry element | PRE-FABRICATED MATERIALS |
| 650 ## - SUBJECT ADDED ENTRY--TOPICAL TERM | |
| Topical term or geographic name entry element | HOUSING |
| 650 ## - SUBJECT ADDED ENTRY--TOPICAL TERM | |
| Topical term or geographic name entry element | MODULAR CONSTRUCTION |
| 690 ## - LOCAL SUBJECT ADDED ENTRY--TOPICAL TERM (OCLC, RLIN) | |
| Topical term or geographic name as entry element | BUILT ENVIRONMENT-BUILDING MATERIALS |
| 700 ## - ADDED ENTRY--PERSONAL NAME | |
| Personal name | Yates, A. |
| 700 ## - ADDED ENTRY--PERSONAL NAME | |
| Personal name | McAllister, I. |
| 942 ## - ADDED ENTRY ELEMENTS (KOHA) | |
| Suppress in OPAC | 0 |
| Withdrawn status | Lost status | Source of classification or shelving scheme | Damaged status | Not for loan | Home library | Current library | Shelving location | Date acquired | Total Checkouts | Full call number | Barcode | Date last seen | Date last checked out | Copy number | Price effective from | Koha item type |
|---|---|---|---|---|---|---|---|---|---|---|---|---|---|---|---|---|
| Dewey Decimal Classification | London | London | BRE publications | 23/09/2002 | 8 | ENQUIRY DESK | 30066543 | 06/08/2019 | 25/02/2008 | 1 | 06/08/2019 | Book |